| 000 | 00777nam a22002057a 4500 | ||
|---|---|---|---|
| 010 | _aENG-100766 | ||
| 020 |
_c150.00 _a9789380211831 |
||
| 035 | _aEN-84299 | ||
| 037 | _bDBAD / PUB | ||
| 082 | _a301.36 | ||
| 100 |
_aManonmani, I. K. _914462 |
||
| 245 |
_aUrbanization and urban expansion of Madurai city : _cby I. K. Manonmani _ban analysis of land use in fringen Areas / |
||
| 260 |
_aPolichi _bEthir Veliyedu _c2009 |
||
| 270 |
_a305, Police Station Road _bPolichi _e642001 |
||
| 300 |
_avi, 152 p. _c24cm (Pbk) |
||
| 500 | _aIncludes bibliographical references | ||
| 700 | _96162 | ||
| 942 |
_2ddc _cEN _mMAN _h301.36 |
||
| 999 |
_c42317 _d42317 |
||